00247nam a2200097Ia 4500082000800000245001900008100003200027942003000059008004100089999001900130 aMEI 0aWit ballerina  aMeiring, Stephanie 991115 cBKy296zPhillipina Naude210825s9999 xx 000 0 und d c570622d570621